[Event "BL 9091 Koblenz-Delmenhorst"]
[Site "?"]
[Date "1990.??.??"]
[Round "?.2"]
[White "Garcia Palermo, C."]
[Black "Armas, I."]
[Result "1/2-1/2"]
[WhiteElo "2440"]
[BlackElo "2465"]
[PlyCount "120"]
[EventDate "1990.??.??"]

1. c4 Nf6 2. Nf3 c5 3. Nc3 Nc6 4. d4 cxd4 5. Nxd4 Qb6 6. e3 d6 7. Be2 g6 8. O-O
Bg7 9. b3 O-O 10. Bb2 a6 11. Qd2 Bd7 12. Rfd1 Rfc8 13. Rac1 Qa7 14. Nf3 Bh6 15.
h3 Nd8 16. Ba1 Ne6 17. Nd5 Nxd5 18. cxd5 Ng5 19. Nxg5 Bxg5 20. Bd4 b6 21. Qb4
Rcb8 22. Rc2 a5 23. Qd2 Rc8 24. Rdc1 Qb7 25. Rxc8+ Rxc8 26. Rxc8+ Bxc8 27. Qc3
Bd7 28. a4 e5 29. dxe6 fxe6 30. Bf6 Bh6 31. Bd8 Bc6 32. Ba6 Qa8 33. Bxb6 Bxg2
34. Qc8+ Qxc8 35. Bxc8 Bd5 36. Bxa5 Bxb3 37. Bd7 Bd5 38. Bc7 Bf8 39. a5 Kf7 40.
a6 Ke7 41. Bc8 Bc6 42. e4 Bg7 43. Bb7 Kd7 44. Bb6 Bc3 45. Kf1 Bb5+ 46. Kg2 Bc6
47. Kf3 Be5 48. Ke3 Bh2 49. Kd3 Bg1 50. Bxc6+ Kxc6 51. Be3 h5 52. Ke2 Bh2 53.
f4 Bg3 54. Kd3 Bh4 55. a7 Kb7 56. Kc4 Bf6 57. Kb5 e5 58. fxe5 Bxe5 59. Kc4 g5
60. Bxg5 Kxa7 1/2-1/2

[Event "BL 9091 Koblenz-Delmenhorst"]
[Site "?"]
[Date "1990.??.??"]
[Round "?.3"]
[White "Hermann, Man"]
[Black "Brueckner, T."]
[Result "0-1"]
[WhiteElo "2390"]
[BlackElo "2405"]
[PlyCount "80"]
[EventDate "1990.??.??"]

1. e4 e5 2. Nf3 Nc6 3. d4 exd4 4. Nxd4 Bc5 5. Nxc6 Qf6 6. f4 dxc6 7. Nc3 Nh6 8.
Qf3 Bg4 9. Qg3 O-O-O 10. Bd3 Rhe8 11. Be3 Bxe3 12. Qxe3 Qd4 13. Qxd4 Rxd4 14.
h3 Be6 15. O-O-O f6 16. Be2 Rxd1+ 17. Rxd1 Nf7 18. f5 Bd7 19. Bh5 Re7 20. Bxf7
Rxf7 21. g4 Re7 22. h4 c5 23. Kd2 Bc6 24. Ke3 Re5 25. a4 a6 26. a5 b5 27. axb6
cxb6 28. g5 b5 29. Kf4 b4 30. Nd5 Bxd5 31. Rxd5 Rxd5 32. exd5 Kd7 33. Ke4 Kd6
34. c4 b3 35. gxf6 gxf6 36. Kf4 a5 37. Ke4 a4 38. Kd3 Ke5 39. Kc3 Kxf5 40. Kd3
Ke5 0-1

[Event "BL 9091 Koblenz-Delmenhorst"]
[Site "?"]
[Date "1990.??.??"]
[Round "?.4"]
[White "Doncevic, D."]
[Black "Borik, O."]
[Result "0-1"]
[WhiteElo "2350"]
[BlackElo "2375"]
[PlyCount "78"]
[EventDate "1990.??.??"]

1. e4 g6 2. d4 Bg7 3. Nc3 d6 4. f4 Nc6 5. Be3 Nf6 6. Nf3 O-O 7. Be2 b6 8. h3
Nh5 9. g4 Ng3 10. Bb5 Nxd4 11. Bxd4 Nxh1 12. Bxg7 Kxg7 13. Bc6 Rb8 14. Qd4+ f6
15. Qg1 b5 16. O-O-O b4 17. Nd5 e6 18. Ne3 Rb6 19. Ba4 Bd7 20. Bb3 Qa8 21. Nd2
a5 22. f5 a4 23. Bxe6 Bxe6 24. fxe6 b3 25. cxb3 axb3 26. a3 Qa6 27. Ndc4 Rc6
28. Rd4 Qa7 29. Kb1 Kh8 30. Rd1 Re8 31. Qxh1 Rxe6 32. Qf3 Qa6 33. Rc1 Kg7 34.
Rc3 Qb5 35. h4 Rc5 36. h5 Qc6 37. hxg6 hxg6 38. g5 Rxg5 39. Nd5 Rg1+ 0-1

[Event "BL 9091 Koblenz-Delmenhorst"]
[Site "?"]
[Date "1990.??.??"]
[Round "?.5"]
[White "Schlemermeyer, W."]
[Black "Seul, G."]
[Result "1/2-1/2"]
[WhiteElo "2380"]
[BlackElo "2340"]
[PlyCount "23"]
[EventDate "1990.??.??"]

1. c4 e5 2. Nc3 d6 3. g3 Nc6 4. Bg2 Be6 5. d3 Qd7 6. Nd5 Be7 7. e3 Bd8 8. d4
exd4 9. exd4 Bg4 10. f3 Bf5 11. Ne2 Nf6 12. Ne3 1/2-1/2

[Event "BL 9091 Koblenz-Delmenhorst"]
[Site "?"]
[Date "1990.??.??"]
[Round "?.6"]
[White "Wolf, V."]
[Black "Wesseln, K."]
[Result "0-1"]
[WhiteElo "2310"]
[BlackElo "2360"]
[PlyCount "90"]
[EventDate "1990.??.??"]

1. e4 c5 2. Nf3 Nc6 3. d4 cxd4 4. Nxd4 g6 5. Be2 Bg7 6. Nb3 Nf6 7. Nc3 O-O 8.
O-O a5 9. a3 a4 10. Nd2 d5 11. Nxd5 Nxd5 12. exd5 Qxd5 13. c3 Bf5 14. Nc4 Qe6
15. Be3 Rfd8 16. Qe1 Bd3 17. Nb6 Ra6 18. Bxd3 Rxd3 19. Bc5 Ne5 20. Qe4 Rxb6 21.
Bxb6 Qxb6 22. Qxa4 Qxb2 23. Rab1 Qxc3 24. Rxb7 Bf6 25. Qe8+ Kg7 26. Rb8 Kh6 27.
Qf8+ Kh5 28. Qg8 h6 29. Rb5 Qc4 30. Qb8 Qd4 31. Rb4 Qd5 32. Qc8 g5 33. a4 Kg6
34. Rb5 Qe4 35. a5 Qe2 36. Qc1 Rd4 37. Qb1+ Kg7 38. Re1 Qg4 39. Rb3 Ra4 40. h3
Qd4 41. Rd1 Qa7 42. Rb8 Rxa5 43. Rdd8 Ng6 44. Rg8+ Kh7 45. Rbf8 Ra1 0-1

[Event "BL 9091 Koblenz-Delmenhorst"]
[Site "?"]
[Date "1990.??.??"]
[Round "?.7"]
[White "Breutigam, M."]
[Black "Schlick, V."]
[Result "1-0"]
[WhiteElo "2330"]
[BlackElo "2305"]
[PlyCount "119"]
[EventDate "1990.??.??"]

1. d4 Nf6 2. c4 g6 3. Nc3 d5 4. Nf3 Bg7 5. Bg5 Ne4 6. cxd5 Nxg5 7. Nxg5 e6 8.
Qd2 exd5 9. Qe3+ Kf8 10. Qf4 Bf6 11. h4 h6 12. Nf3 Kg7 13. e3 c5 14. dxc5 Qa5
15. Rc1 Nc6 16. Bd3 Qxc5 17. O-O Be6 18. Ne4 Qe7 19. Nxf6 Qxf6 20. Qxf6+ Kxf6
21. Bb5 Ne5 22. Nd4 Rac8 23. b3 Ke7 24. Be2 Rxc1 25. Rxc1 Rc8 26. Rxc8 Bxc8 27.
f4 Nc6 28. g4 Kd6 29. a3 a5 30. Kf2 Kc5 31. Nc2 b5 32. Kg3 Bd7 33. Ne1 d4 34.
Nd3+ Kd6 35. e4 a4 36. b4 Be6 37. e5+ Kc7 38. Bf3 Bc4 39. Be4 Ne7 40. Kf3 Nd5
41. e6 f5 42. gxf5 gxf5 43. Bxf5 Ne7 44. Be4 Bxe6 45. Nc1 Bc4 46. Ne2 d3 47.
Nc3 Kd6 48. Ke3 Ke6 49. Bxd3 Nf5+ 50. Bxf5+ Kxf5 51. Ne4 Kg4 52. Nd6 Bg8 53. f5
Kxh4 54. Kf4 h5 55. f6 Kh3 56. f7 Bxf7 57. Nxf7 h4 58. Ng5+ Kg2 59. Kg4 Kf2 60.
Ne6 1-0

[Event "BL 9091 Koblenz-Delmenhorst"]
[Site "?"]
[Date "1990.??.??"]
[Round "?.8"]
[White "Bayer, E."]
[Black "Ditt, E."]
[Result "0-1"]
[WhiteElo "2330"]
[BlackElo "2295"]
[PlyCount "80"]
[EventDate "1990.??.??"]

1. d4 g6 2. Nf3 Bg7 3. g3 f5 4. Bg2 Nf6 5. O-O O-O 6. b3 d6 7. Bb2 c6 8. Nbd2
a5 9. a3 Na6 10. c4 Rb8 11. Qc2 Nc7 12. Bc3 Ne6 13. Ne1 d5 14. e3 Ne4 15. Nd3
b6 16. Nf3 dxc4 17. Nde5 cxb3 18. Qxb3 Qd5 19. Qb2 Ba6 20. Rfd1 Rfc8 21. Rac1
Bb5 22. Nd2 Ba4 23. Nxe4 fxe4 24. Rd2 Ng5 25. h4 Nf3+ 26. Nxf3 exf3 27. Bh3 Rd8
28. Qb1 Rf8 29. Rb2 Bb5 30. e4 Qd6 31. a4 Bc4 32. Rxb6 Rxb6 33. Qxb6 Qa3 34.
Qb2 Qd6 35. Qd2 Be6 36. Bf1 Rd8 37. Bxa5 Bxd4 38. Kh2 Ra8 39. Bc3 Rxa4 40. Qc2
Ra2 0-1

[Event "BL 9091 Bielefeld-Koblenz"]
[Site "?"]
[Date "1990.??.??"]
[Round "?.1"]
[White "Dizdar, G."]
[Black "Pieper Emden, C."]
[Result "1-0"]
[WhiteElo "2480"]
[BlackElo "2405"]
[PlyCount "95"]
[EventDate "1990.??.??"]

1. Nf3 Nf6 2. g3 d5 3. Bg2 c6 4. O-O Bf5 5. d3 h6 6. c4 dxc4 7. Ne5 Be6 8. Nxc4
Bxc4 9. dxc4 Qxd1 10. Rxd1 e6 11. Nc3 Nbd7 12. Bf4 O-O-O 13. a3 g5 14. Bd2 Be7
15. Na4 Nb6 16. Nxb6+ axb6 17. Bc3 Rxd1+ 18. Rxd1 Rd8 19. Rxd8+ Bxd8 20. f4
gxf4 21. gxf4 Ng4 22. Bf3 Ne3 23. b3 Bc7 24. Be5 Bxe5 25. fxe5 Kd7 26. Kf2 Nf5
27. b4 Ke7 28. a4 f6 29. exf6+ Kxf6 30. b5 cxb5 31. cxb5 Nd6 32. Kg3 Kg5 33.
h4+ Kf5 34. Bg4+ Ke5 35. Bf3 Kd4 36. Kg4 e5 37. Kh5 Nf5 38. Bg4 Ne3 39. Bc8 Ng2
40. Bxb7 Nf4+ 41. Kxh6 Nxe2 42. Kg5 Nf4 43. h5 Ne6+ 44. Kf6 Nf8 45. Kf7 Nh7 46.
Kg7 Ng5 47. Kg6 Ne6 48. Bc8 1-0

[Event "BL 9091 Bielefeld-Koblenz"]
[Site "?"]
[Date "1990.??.??"]
[Round "?.2"]
[White "Gruen, G."]
[Black "Garcia Palermo, C."]
[Result "0-1"]
[WhiteElo "2360"]
[BlackElo "2440"]
[PlyCount "68"]
[EventDate "1990.??.??"]

1. d4 d5 2. c4 dxc4 3. Nf3 a6 4. Nc3 b5 5. g3 Bb7 6. Bg2 e6 7. O-O Bb4 8. a4
Ne7 9. axb5 Bxc3 10. bxc3 axb5 11. Rxa8 Bxa8 12. Ba3 Be4 13. Qd2 Nd7 14. Qf4
Nf6 15. Qg5 Nf5 16. Ra1 h6 17. Qf4 Nd6 18. Nd2 Bxg2 19. Kxg2 Qa8+ 20. f3 Nd5
21. Qe5 O-O 22. e4 Ne3+ 23. Kf2 Nc2 24. Bxd6 Qxa1 25. Bxf8 Qe1+ 26. Kg2 Qxd2+
27. Kh3 Kxf8 28. Qxb5 Ne3 29. Qb8+ Ke7 30. Qxc7+ Kf6 31. Qe5+ Kg6 32. g4 Qg2+
33. Kh4 Kh7 34. Qg3 g5+ 0-1

[Event "BL 9091 Bielefeld-Koblenz"]
[Site "?"]
[Date "1990.??.??"]
[Round "?.3"]
[White "Brueckner, T."]
[Black "Beckemeyer, W."]
[Result "0-1"]
[WhiteElo "2405"]
[BlackElo "2345"]
[PlyCount "50"]
[EventDate "1990.??.??"]

1. Nf3 Nf6 2. c4 c6 3. d4 g6 4. Nc3 d5 5. e3 Bg7 6. Be2 O-O 7. O-O Bg4 8. cxd5
cxd5 9. Qb3 b6 10. h3 Bc8 11. Ne5 e6 12. Bd2 Nfd7 13. Nf3 Nc6 14. Qa4 Bb7 15.
Bb5 Rc8 16. Rfc1 Ndb8 17. Ne2 a6 18. Bxc6 Bxc6 19. Qa3 Qd7 20. Bb4 Rfd8 21. Be7
Re8 22. Bd6 f6 23. Nc3 a5 24. Bxb8 Rxb8 25. Rc2 Bf8 0-1

[Event "BL 9091 Bielefeld-Koblenz"]
[Site "?"]
[Date "1990.??.??"]
[Round "?.4"]
[White "Panzer, P."]
[Black "Doncevic, D."]
[Result "1-0"]
[WhiteElo "2280"]
[BlackElo "2350"]
[PlyCount "69"]
[EventDate "1990.??.??"]

1. d4 Nf6 2. c4 g6 3. Nc3 d5 4. cxd5 Nxd5 5. g3 Bg7 6. Bg2 Be6 7. Qa4+ c6 8.
Nxd5 Bxd5 9. e4 b5 10. Qd1 Bc4 11. Nf3 b4 12. Qc2 Bb5 13. Be3 Nd7 14. Bf1 Qa5
15. Bxb5 Qxb5 16. Rc1 Rc8 17. Qe2 Qh5 18. Rc2 O-O 19. Ng5 Qxe2+ 20. Kxe2 e5 21.
dxe5 Bxe5 22. Rd1 Nb6 23. f4 Bf6 24. Rd6 Bxg5 25. fxg5 Rfe8 26. Rdxc6 Rcd8 27.
Bxb6 axb6 28. R2c4 b3 29. a4 Re7 30. Rxb6 Red7 31. Rxb3 Rd2+ 32. Ke3 Rxh2 33.
a5 Rdd2 34. a6 Rhe2+ 35. Kf4 1-0

[Event "BL 9091 Bielefeld-Koblenz"]
[Site "?"]
[Date "1990.??.??"]
[Round "?.5"]
[White "Seul, G."]
[Black "Haskamp, S."]
[Result "1-0"]
[WhiteElo "2340"]
[BlackElo "2275"]
[PlyCount "75"]
[EventDate "1990.??.??"]

1. c4 g6 2. g3 Bg7 3. Bg2 e5 4. Nc3 d6 5. e4 f5 6. exf5 gxf5 7. Qh5+ Kf8 8. d3
Nf6 9. Qd1 Kf7 10. Nge2 Re8 11. O-O c6 12. Bg5 Nbd7 13. Kh1 h6 14. Bh4 Nf8 15.
f4 Ng6 16. Bxf6 Bxf6 17. fxe5 dxe5 18. Bh3 Ne7 19. Qd2 Bg5 20. Qc2 Kg7 21. Rad1
c5 22. Rde1 Rf8 23. Bg2 Bf6 24. Nd5 Nxd5 25. Bxd5 Rb8 26. Nc3 a6 27. Bg2 Qd6
28. Nd5 Bd7 29. Qe2 Rfe8 30. Qh5 b5 31. b3 bxc4 32. dxc4 a5 33. Be4 Rf8 34.
Bxf5 Bg5 35. Bxd7 Rxf1+ 36. Rxf1 Qxd7 37. Qe2 Re8 38. Qe4 1-0

[Event "BL 9091 Bielefeld-Koblenz"]
[Site "?"]
[Date "1990.??.??"]
[Round "?.6"]
[White "Beilfuss, W."]
[Black "Wolf, V."]
[Result "1/2-1/2"]
[WhiteElo "2220"]
[BlackElo "2310"]
[PlyCount "85"]
[EventDate "1990.??.??"]

1. d4 e6 2. c4 Nf6 3. Nc3 Bb4 4. Bd2 O-O 5. a3 Bxc3 6. Bxc3 Ne4 7. Qc2 Nxc3 8.
Qxc3 Qf6 9. Nf3 b6 10. g3 Bb7 11. Bg2 c5 12. Rd1 Rc8 13. O-O Na6 14. Qd3 Rc7
15. e4 cxd4 16. Nxd4 Nc5 17. Qe2 a6 18. e5 Qg6 19. Bxb7 Nxb7 20. b3 Nc5 21.
Rfe1 Rb8 22. a4 h6 23. Qe3 Qg5 24. f4 Qe7 25. f5 Qg5 26. Qf3 exf5 27. Nxf5 Ne6
28. Nd6 Rf8 29. h4 Qg6 30. Nf5 Kh8 31. Rd6 f6 32. g4 h5 33. Ne7 Qe8 34. Nd5 Rc6
35. Qe4 fxe5 36. Rxc6 dxc6 37. Qxe5 cxd5 38. Qxe6 Qxe6 39. Rxe6 dxc4 40. bxc4
Rf4 41. gxh5 Rxc4 42. Rxb6 Rxa4 43. h6 1/2-1/2

[Event "BL 9091 Bielefeld-Koblenz"]
[Site "?"]
[Date "1990.??.??"]
[Round "?.7"]
[White "Weidemann, J."]
[Black "Geveke, M."]
[Result "1/2-1/2"]
[WhiteElo "2300"]
[BlackElo "2320"]
[PlyCount "109"]
[EventDate "1990.??.??"]

1. e4 e6 2. d4 d5 3. e5 c5 4. c3 Nc6 5. Nf3 Qb6 6. a3 a5 7. Bd3 Bd7 8. O-O cxd4
9. cxd4 Nxd4 10. Nxd4 Qxd4 11. Nc3 Qxe5 12. Re1 Qd6 13. Nb5 Qb8 14. Qf3 Bd6 15.
Qxd5 Bxb5 16. Qxb5+ Ke7 17. Bd2 Nf6 18. Bxa5 Rc8 19. Bb4 Kf8 20. Rac1 Rd8 21.
Red1 Nd5 22. Bxd6+ Qxd6 23. Be4 Rd7 24. g3 Rad8 25. Bxd5 exd5 26. Rd4 g6 27.
Rcd1 Qe5 28. a4 Kg7 29. a5 h5 30. h4 Qf6 31. b4 Qe7 32. Kf1 Qe6 33. Qd3 Qa6 34.
Qxa6 bxa6 35. Rc1 Rd6 36. Ke2 Kf6 37. Kd3 Ke6 38. Rc5 Rb8 39. Kc3 Rd7 40. Rf4
Rd6 41. Rc7 f5 42. Rd4 Kf6 43. Rd1 Re8 44. Kd4 Re4+ 45. Kc5 Ke6 46. Rc1 d4 47.
Rc6 Re5+ 48. Kb6 Rb5+ 49. Kc7 Rxc6+ 50. Rxc6+ Ke7 51. Rxa6 Rxb4 52. Rc6 Ra4 53.
Kb6 Rb4+ 54. Kc7 Ra4 55. Kb6 1/2-1/2

[Event "BL 9091 Delmenhorst-Porz"]
[Site "?"]
[Date "1990.??.??"]
[Round "?.1"]
[White "Christiansen, L."]
[Black "Hausner, I."]
[Result "1/2-1/2"]
[WhiteElo "2595"]
[BlackElo "2460"]
[PlyCount "136"]
[EventDate "1990.??.??"]

1. c4 d6 2. d4 e5 3. Nf3 Nd7 4. Nc3 g6 5. c5 Ngf6 6. cxd6 Bxd6 7. g3 O-O 8. Bg2
c6 9. O-O Re8 10. Bg5 exd4 11. Qxd4 Be7 12. Qh4 Nh5 13. Rad1 h6 14. Bxe7 Qxe7
15. Qd4 Nhf6 16. Nd2 Qe5 17. Nc4 Qxd4 18. Rxd4 Nc5 19. Rfd1 Kg7 20. e4 Re7 21.
h3 Be6 22. Nd6 Ne8 23. e5 a5 24. f4 Nxd6 25. Rxd6 Rd7 26. Rxd7 Nxd7 27. Ne4 a4
28. a3 Ra6 29. g4 Rb6 30. Rd2 f6 31. exf6+ Nxf6 32. Nc5 Bb3 33. g5 hxg5 34.
fxg5 Nd5 35. Bf1 Ne3 36. Rd7+ Bf7 37. Nxb7 Kf8 38. Nd6 Bd5 39. Rd8+ Ke7 40.
Nc8+ Kxd8 41. Nxb6 Bb3 42. Be2 Nd1 43. Bxd1 Bxd1 44. Nc4 Bc2 45. Kf2 Ke7 46.
Ke3 Ke6 47. Kd4 Bb3 48. Ne3 Kd6 49. h4 c5+ 50. Ke4 Be6 51. Kf4 Bf7 52. Nd1 Bb3
53. Nc3 Bc2 54. Ke3 Ke5 55. Ne2 Kf5 56. Nf4 Kg4 57. Ne6 c4 58. Nd4 Bd1 59. Nc6
Kxh4 60. Kf4 Kh5 61. Ne5 Bb3 62. Nd7 Kh4 63. Nf8 Bc2 64. Nh7 Kh5 65. Ke5 Kg4
66. Kf6 Kh5 67. Nf8 Bf5 68. Nh7 Bc2 1/2-1/2

[Event "BL 9091 Delmenhorst-Porz"]
[Site "?"]
[Date "1990.??.??"]
[Round "?.2"]
[White "Armas, I."]
[Black "Vaganian, R."]
[Result "0-1"]
[WhiteElo "2465"]
[BlackElo "2630"]
[PlyCount "62"]
[EventDate "1990.??.??"]

1. e4 e6 2. d4 d5 3. Nd2 c5 4. Ngf3 cxd4 5. exd5 Qxd5 6. Bc4 Qd6 7. O-O Nf6 8.
Nb3 Nc6 9. Nbxd4 Nxd4 10. Nxd4 Bd7 11. Be3 Qc7 12. Bd3 a6 13. Re1 Bd6 14. h3
O-O 15. Bg5 Be5 16. c3 h6 17. Nf3 Bxc3 18. Rc1 hxg5 19. Rxc3 Bc6 20. Ne5 Rfd8
21. Nxc6 bxc6 22. Qc1 Qf4 23. Be2 Rab8 24. b3 Nd5 25. Rxc6 Nb4 26. Qxf4 gxf4
27. Rc4 Rd2 28. Bf1 f3 29. g3 Nc2 30. Rc1 Nd4 31. Ra4 Ne2+ 0-1

[Event "BL 9091 Delmenhorst-Porz"]
[Site "?"]
[Date "1990.??.??"]
[Round "?.3"]
[White "Lutz, C."]
[Black "Hermann, Man"]
[Result "1/2-1/2"]
[WhiteElo "2445"]
[BlackElo "2390"]
[PlyCount "83"]
[EventDate "1990.??.??"]

1. d4 d5 2. c4 c6 3. Nf3 Nf6 4. Nc3 dxc4 5. a4 Bf5 6. Nh4 Bg4 7. h3 Bh5 8. g4
Bg6 9. Nxg6 hxg6 10. e3 e6 11. Bg2 Na6 12. Qe2 Nb4 13. O-O g5 14. a5 Qd6 15.
Rd1 Be7 16. Qxc4 a6 17. e4 e5 18. Ra4 exd4 19. Qxd4 Qxd4 20. Rxd4 Nc2 21. Rd1
Nd7 22. e5 O-O-O 23. Be4 Nb4 24. Bf5 c5 25. Ne4 g6 26. Bxd7+ Rxd7 27. Rxd7 Kxd7
28. Bxg5 Rxh3 29. Bxe7 Kxe7 30. Nxc5 Nc6 31. Nxb7 Rb3 32. Nc5 Rxb2 33. Nxa6 Rb5
34. Nc7 Rxa5 35. Rxa5 Nxa5 36. g5 Kd7 37. Nb5 Ke6 38. f4 Kf5 39. Nd6+ Kxf4 40.
Nxf7 Nc6 41. e6 Kf5 42. Nd8 1/2-1/2

[Event "BL 9091 Delmenhorst-Porz"]
[Site "?"]
[Date "1990.??.??"]
[Round "?.4"]
[White "Schlemermeyer, W."]
[Black "Schmittdiel, E."]
[Result "1/2-1/2"]
[WhiteElo "2380"]
[BlackElo "2505"]
[PlyCount "75"]
[EventDate "1990.??.??"]

1. Nf3 c5 2. g3 Nc6 3. Bg2 d5 4. d4 Nf6 5. O-O e6 6. c4 Be7 7. cxd5 exd5 8. Nc3
O-O 9. Bg5 c4 10. Ne5 Be6 11. Nxc6 bxc6 12. b3 Qa5 13. Na4 Rac8 14. e3 c5 15.
dxc5 Bd7 16. e4 Bxa4 17. e5 Bc6 18. exf6 Bxc5 19. fxg7 Rfe8 20. Bh3 Qc7 21. Bf4
Qb7 22. Bf5 Re6 23. Qh5 Rg6 24. bxc4 Re8 25. Rab1 Qa8 26. cxd5 Bxd5 27. Bxg6
fxg6 28. Qh3 Bxa2 29. Rbc1 Be6 30. Qg2 Bd5 31. Qh3 Be6 32. g4 Qe4 33. Rfe1
Bxf2+ 34. Kxf2 Qxf4+ 35. Kg1 Qd4+ 36. Qe3 Qxg4+ 37. Qg3 Qd4+ 38. Qe3 1/2-1/2

[Event "BL 9091 Delmenhorst-Porz"]
[Site "?"]
[Date "1990.??.??"]
[Round "?.5"]
[White "Knaak, R."]
[Black "Wesseln, K."]
[Result "1-0"]
[WhiteElo "2515"]
[BlackElo "2360"]
[PlyCount "123"]
[EventDate "1990.??.??"]

1. d4 g6 2. c4 f5 3. h4 Nf6 4. h5 gxh5 5. Nc3 Bg7 6. Bg5 d6 7. e3 Be6 8. Bd3
Bf7 9. Bxf5 Nbd7 10. Bd3 c6 11. Nf3 Qc7 12. Bf4 O-O-O 13. Bg3 e5 14. c5 Nd5 15.
cxd6 Qxd6 16. O-O Qe7 17. Bf5 Be6 18. Nxd5 cxd5 19. Qc2+ Kb8 20. dxe5 Rc8 21.
Qb1 Rhf8 22. Bxe6 Qxe6 23. Nd4 Qg4 24. e6+ Ne5 25. Qd1 Qg6 26. Rc1 Ka8 27.
Rxc8+ Rxc8 28. Qb3 Nc4 29. Re1 Bf6 30. Qb5 h4 31. Bf4 Nb6 32. Qe2 h3 33. Qf3
hxg2 34. Qxg2 Qd3 35. Qf1 Rg8+ 36. Bg3 Qe4 37. Qg2 Qd3 38. Qf1 Qe4 39. Qg2 Qd3
40. b3 h5 41. Qf3 h4 42. Qxf6 hxg3 43. e7 Qh7 44. fxg3 Nc8 45. Nf5 Rh8 46. Qh4
Qg8 47. Qf4 Qh7 48. Qf3 Nxe7 49. Nxe7 Qxe7 50. Qxd5 a6 51. Qf3 Qh7 52. Qg2 Rc8
53. e4 Qh6 54. e5 Rh8 55. e6 Re8 56. Qe4 Qg5 57. Kg2 Re7 58. Re2 Qf6 59. Qe5
Qg6 60. Qd6 Qf6 61. a4 Qf8 62. Rd2 1-0

[Event "BL 9091 Delmenhorst-Porz"]
[Site "?"]
[Date "1990.??.??"]
[Round "?.6"]
[White "Breutigam, M."]
[Black "Vogt, L."]
[Result "0-1"]
[WhiteElo "2330"]
[BlackElo "2505"]
[PlyCount "90"]
[EventDate "1990.??.??"]

1. d4 Nf6 2. c4 g6 3. Nc3 Bg7 4. e4 d6 5. Nf3 O-O 6. h3 e5 7. d5 Nbd7 8. Bg5 a5
9. a3 Nc5 10. b4 axb4 11. axb4 Rxa1 12. Qxa1 Nb3 13. Qd1 Nd4 14. Bd3 h6 15. Bd2
Nxf3+ 16. Qxf3 Nh5 17. Ne2 f5 18. exf5 Bxf5 19. g4 Bxd3 20. Qxd3 Nf4 21. Nxf4
exf4 22. Qxg6 Kh8 23. O-O Qh4 24. Qh5 Qxh5 25. gxh5 Be5 26. Re1 Kg7 27. Re4 Kf6
28. Kg2 Kg5 29. Kf3 Kxh5 30. c5 Kh4 31. b5 b6 32. c6 Kxh3 33. Ra4 h5 34. Ra7
Rc8 35. Ke4 Kg4 36. f3+ Kg5 37. Be1 h4 38. Bxh4+ Kxh4 39. Kf5 Kg3 40. Ke6 Kxf3
41. Kd7 Rf8 42. Rxc7 Ke4 43. Rc8 Rxc8 44. Kxc8 f3 45. c7 f2 0-1

[Event "BL 9091 Delmenhorst-Porz"]
[Site "?"]
[Date "1990.??.??"]
[Round "?.8"]
[White "Stern, R."]
[Black "Schoen, W."]
[Result "1-0"]
[WhiteElo "2310"]
[BlackElo "2380"]
[PlyCount "91"]
[EventDate "1990.??.??"]

1. Nf3 Nf6 2. c4 c5 3. Nc3 d5 4. cxd5 Nxd5 5. e4 Nb4 6. Bb5+ Bd7 7. Bc4 Be6 8.
Bxe6 fxe6 9. O-O N8c6 10. a3 Nd3 11. b4 g6 12. Qb3 Qd7 13. bxc5 Bg7 14. Rb1
Nxc5 15. Qb5 b6 16. a4 O-O 17. Ba3 Nd3 18. Nd5 exd5 19. Qxd3 Rad8 20. Rbc1 Ne5
21. Nxe5 Bxe5 22. Qxd5+ Qxd5 23. exd5 Rf7 24. Rfe1 Rxd5 25. Rc8+ Rf8 26. Rxf8+
Kxf8 27. Bxe7+ Kxe7 28. f4 Kd6 29. fxe5+ Rxe5 30. Rb1 Rd5 31. Rb2 Kc5 32. Kf2
Kc4 33. Ke2 Ra5 34. Rc2+ Kd4 35. Rc7 Rxa4 36. Rxh7 b5 37. h4 Ke5 38. Rb7 a6 39.
Rb6 Kf5 40. g3 Re4+ 41. Kf3 Re6 42. g4+ Kf6 43. Rxe6+ Kxe6 44. h5 b4 45. Ke2 b3
46. Kd1 1-0

[Event "BL 9091 Sindelfingen-Solingen"]
[Site "?"]
[Date "1990.??.??"]
[Round "?.1"]
[White "Short, N."]
[Black "Fahnenschmidt, G."]
[Result "1/2-1/2"]
[WhiteElo "2610"]
[BlackElo "2390"]
[PlyCount "96"]
[EventDate "1990.??.??"]

1. e4 e6 2. d4 d5 3. Nc3 Nf6 4. Bg5 dxe4 5. Nxe4 Be7 6. Bxf6 Bxf6 7. Nf3 O-O 8.
Qd2 b6 9. O-O-O Bb7 10. Bd3 Nd7 11. h4 Be7 12. Nfg5 h6 13. Rh3 Nf6 14. f4 Nxe4
15. Bxe4 Bxe4 16. Nxe4 Qd5 17. Nc3 Qf5 18. Qe3 Rad8 19. Qf3 h5 20. Rhh1 Bf6 21.
Ne2 Qd5 22. Qxd5 Rxd5 23. g3 Rfd8 24. c3 Kf8 25. Kc2 c5 26. dxc5 Rxc5 27. Rxd8+
Bxd8 28. Rd1 Ke8 29. b4 Rc8 30. a4 Bf6 31. Rd3 g6 32. Ng1 Rd8 33. Nf3 Rxd3 34.
Kxd3 a6 35. Ne5 Bd8 36. c4 Bc7 37. Ke4 f6 38. Nd3 Kd7 39. c5 Kc6 40. Kd4 b5 41.
a5 Bb8 42. Ke4 Bc7 43. Ne1 Bd8 44. Nf3 Kd7 45. Nd4 Bc7 46. Ne2 Kc6 47. Nc3 Bd8
48. Kd4 Be7 1/2-1/2

[Event "BL 9091 Sindelfingen-Solingen"]
[Site "?"]
[Date "1990.??.??"]
[Round "?.3"]
[White "Lau, R."]
[Black "Marinkovic, I."]
[Result "1/2-1/2"]
[WhiteElo "2475"]
[BlackElo "2460"]
[PlyCount "92"]
[EventDate "1990.??.??"]

1. e4 Nf6 2. e5 Nd5 3. d4 d6 4. Nf3 g6 5. Bc4 Nb6 6. Bb3 Bg7 7. a4 d5 8. a5 Nc4
9. Nbd2 Nxd2 10. Bxd2 O-O 11. O-O Bg4 12. h3 Bxf3 13. Qxf3 e6 14. Bb4 Re8 15.
Ba4 c6 16. c3 b5 17. Bc2 Nd7 18. Rfe1 Rc8 19. Bd6 c5 20. dxc5 Nxc5 21. Qe3 Bf8
22. Bxf8 Rxf8 23. Rad1 a6 24. Qh6 Nd7 25. Rd4 Rc4 26. Rxc4 bxc4 27. h4 f5 28.
exf6 Rxf6 29. h5 Nf8 30. Qg5 Kf7 31. Ra1 Qb8 32. Rb1 Qa7 33. Qe3 Qc7 34. hxg6+
hxg6 35. b4 cxb3 36. Rxb3 Qxa5 37. Qe5 Qd8 38. Rb8 Qe7 39. Ra8 Qc5 40. Qe3 Qxe3
41. fxe3 Kg7 42. Rxa6 Rf7 43. Rc6 Rb7 44. c4 dxc4 45. Rxc4 Nd7 46. Be4 Ra7
1/2-1/2

[Event "BL 9091 Sindelfingen-Solingen"]
[Site "?"]
[Date "1990.??.??"]
[Round "?.4"]
[White "Kraut, R."]
[Black "Mohr, S."]
[Result "0-1"]
[WhiteElo "2430"]
[BlackElo "2430"]
[PlyCount "106"]
[EventDate "1990.??.??"]

1. d4 Nf6 2. c3 g6 3. Bg5 Bg7 4. Nd2 O-O 5. Ngf3 d6 6. e3 Nbd7 7. Bc4 e5 8. O-O
Qe8 9. b4 a5 10. Bb5 c6 11. Be2 Nd5 12. Bc4 N7b6 13. Bxd5 Nxd5 14. Qb3 h6 15.
Bh4 Be6 16. c4 Nxb4 17. a3 Na6 18. Qxb7 exd4 19. exd4 Qc8 20. Qe7 g5 21. Bg3 g4
22. Nh4 Qd8 23. Qxd6 Qxd6 24. Bxd6 Rfd8 25. Bg3 Rxd4 26. Nb3 Rxc4 27. Nxa5 Rc5
28. Nb7 Rh5 29. Rae1 Bc4 30. Nd6 Bxf1 31. Kxf1 Nc7 32. Re4 Rxa3 33. Ndf5 Ne6
34. Rxg4 Rg5 35. Rb4 Ra5 36. Ne7+ Kh7 37. Nxc6 Ra1+ 38. Ke2 Rc5 39. Ne7 Rc3 40.
Nhf5 Ra2+ 41. Kd1 Bf6 42. Rb5 Bg5 43. Rb1 Ra7 44. Be5 Rd7+ 45. Ke1 Rc5 46. Bd6
Rxd6 47. Nxd6 Bxe7 48. Nxf7 Kg7 49. Nxh6 Kxh6 50. Rb6 Re5+ 51. Kf1 Bc5 52. Rc6
Kg5 53. g3 Kg4 0-1

[Event "BL 9091 Sindelfingen-Solingen"]
[Site "?"]
[Date "1990.??.??"]
[Round "?.5"]
[White "Reeh, O."]
[Black "Luther, T."]
[Result "0-1"]
[WhiteElo "2465"]
[BlackElo "2385"]
[PlyCount "102"]
[EventDate "1990.??.??"]

1. e4 e6 2. d4 d5 3. Nc3 Nf6 4. e5 Nfd7 5. f4 c5 6. Nf3 Nc6 7. Be3 cxd4 8. Nxd4
Bc5 9. Qd2 O-O 10. O-O-O a6 11. Kb1 Bxd4 12. Bxd4 b5 13. h4 b4 14. Ne2 a5 15.
h5 Ba6 16. Rh3 a4 17. Nc1 Bxf1 18. Rxf1 Qc7 19. Ne2 Rfc8 20. Rc1 Rab8 21. Rg3
Nxd4 22. Qxd4 Nc5 23. h6 g6 24. Re3 Ne4 25. c4 bxc3 26. Nxc3 a3 27. b3 Rb6 28.
Ne2 Rc6 29. Rxc6 Qxc6 30. Qd1 Qc5 31. Rf3 Qb4 32. Rd3 Qb5 33. Re3 Qa5 34. Rd3
Qc5 35. Rd4 Qb5 36. Rd3 Nf2 37. Rc3 Rxc3 38. Nxc3 Qb4 39. Qd2 Ne4 40. Nxe4
Qxe4+ 41. Kc1 g5 42. fxg5 Qxe5 43. Kd1 Qa1+ 44. Ke2 Qb2 45. Kd3 Qxd2+ 46. Kxd2
Kf8 47. Kc3 e5 48. Kb4 e4 49. Kc3 Ke7 50. Kd4 Kd6 51. g3 Ke6 0-1

[Event "BL 9091 Sindelfingen-Solingen"]
[Site "?"]
[Date "1990.??.??"]
[Round "?.6"]
[White "Bialas, W."]
[Black "Podzielny, K."]
[Result "0-1"]
[WhiteElo "2360"]
[BlackElo "2445"]
[PlyCount "68"]
[EventDate "1990.??.??"]

1. d4 Nf6 2. Nf3 g6 3. Bg5 Bg7 4. Nbd2 c5 5. Bxf6 Bxf6 6. Ne4 Bxd4 7. Nxd4 cxd4
8. Qxd4 O-O 9. Qd2 Nc6 10. g3 d5 11. Nc5 Qb6 12. Nd3 e5 13. Bg2 Be6 14. O-O
Rac8 15. e4 Rcd8 16. Rfe1 dxe4 17. Bxe4 Bd5 18. Qc3 Rfe8 19. Qc5 Bxe4 20. Rxe4
f5 21. Rc4 e4 22. Qxb6 axb6 23. Ne1 Rd2 24. h3 g5 25. Kf1 h5 26. Ng2 Ne5 27.
Rc3 Red8 28. Re1 Nf3 29. Ree3 Rd1+ 30. Ne1 f4 31. gxf4 gxf4 32. Re2 Nd2+ 33.
Kg1 Rb1 34. Rc7 Rd6 0-1